ბათუმის შოთა რუსთაველის სახელმწიფო უნივერსიტეტის ბიბლიოთეკა

გამოცხადებული სიკვდილის ქრონიკა (ბიბ.ჩანაწერი № 56638)

000 -LEADER
fixed length control field 00924nam a2200253Ia 4500
001 - CONTROL NUMBER
control field 23760
003 - CONTROL NUMBER IDENTIFIER
control field GE_BSU
008 - FIXED-LENGTH DATA ELEMENTS--GENERAL INFORMATION
fixed length control field 181216s||||||||xx |||||||||||||| ||und||
020 ## - INTERNATIONAL STANDARD BOOK NUMBER
International Standard Book Number 5520014329
040 ## - CATALOGING SOURCE
Transcribing agency GE_BSU
080 ## - UNIVERSAL DECIMAL CLASSIFICATION NUMBER
Universal Decimal Classification number 821.134.2(861)-32
100 ## - MAIN ENTRY--PERSONAL NAME
Personal name გარსია მარკესი, გაბრიელ
245 ## - TITLE STATEMENT
Title გამოცხადებული სიკვდილის ქრონიკა
245 ## - TITLE STATEMENT
Remainder of title მოთხრობა
245 ## - TITLE STATEMENT
Statement of responsibility, etc. ესპ. თარგმნა ელზა ახვლედიანმა. რედ. ლ. გოგოხია
260 ## - PUBLICATION, DISTRIBUTION, ETC.
Place of publication, distribution, etc. თბილისი
260 ## - PUBLICATION, DISTRIBUTION, ETC.
Name of publisher, distributor, etc. მეცნიერება
260 ## - PUBLICATION, DISTRIBUTION, ETC.
Date of publication, distribution, etc. 1991
300 ## - PHYSICAL DESCRIPTION
Extent 80გვ. ; 20სმ.
653 ## - INDEX TERM--UNCONTROLLED
Uncontrolled term გამოცხადებული სიკვდილის ქრონიკა
653 ## - INDEX TERM--UNCONTROLLED
Uncontrolled term მოთხრობა
942 ## - ADDED ENTRY ELEMENTS (KOHA)
Koha item type წიგნი
ეგზემპლარები
Withdrawn status Lost status Damaged status Not for loan Date acquired Barcode Date last seen Price effective from Koha item type
        2018-12-17 28551 2018-12-17 2018-12-17 წიგნი